Tres aspectos de la literatura norteamericana : (Record no. 186065)

MARC details
000 -LEADER
campo de control de longitud fija 01026nam a2200241 i 4500
001 - NÚMERO DE CONTROL
campo de control 186065
003 - IDENTIFICADOR DE NÚMERO DE CONTROL
campo de control ES-MaACL
005 - FECHA Y HORA DE LA ÚLTIMA TRANSACCIÓN
campo de control 20240418194340.0
008 - DATOS DE LONGITUD FIJA--INFORMACIÓN GENERAL
campo de control de longitud fija 160906s1966 sp |||| |dspa d
245 00 - MENCIÓN DEL TÍTULO
Título Tres aspectos de la literatura norteamericana :
Resto del título (humoristas, la novela corta, pequeñas revistas) /
Mención de responsabilidad, etc. [traducción, Angela Figuera].
260 ## - PUBLICACIÓN, DISTRIBUCIÓN, ETC.
Lugar de publicación, distribución, etc. Madrid :
Nombre del editor, distribuidor, etc. Gredos,
Fecha de publicación, distribución, etc. 1966.
300 ## - DESCRIPCIÓN FÍSICA
Extensión 157 p. ;
Dimensiones 18 cm.
490 1# - MENCIÓN DE SERIE
Mención de serie Tres escritores norteamericanos ;
Designación de volumen o secuencia 9
505 8# - NOTA DE CONTENIDO CON FORMATO
Nota de contenido con formato Contiene: ;
Título Humoristas americanos /
Mención de responsabilidad por Willard Thorp. --
Título La novela corta en América /
Mención de responsabilidad por Danforth Ross. --
Título Las pequeñas revistas /
Mención de responsabilidad por Reed Whitemore
650 #4 - PUNTO DE ACCESO ADICIONAL DE MATERIA--TÉRMINO DE MATERIA
Término de materia o nombre geográfico como elemento de entrada Literatura norteamericana-
Subdivisión general Historia y crítica.
9 (RLIN) 14643
700 0# - ENTRADA AGREGADA--NOMBRE PERSONAL
Nombre de persona Figuera Aymerich, Angela,
Fechas asociadas al nombre 1902-1984
9 (RLIN) 50755
700 1# - ENTRADA AGREGADA--NOMBRE PERSONAL
Nombre de persona Thorp, Willard.
9 (RLIN) 110153
700 1# - ENTRADA AGREGADA--NOMBRE PERSONAL
Nombre de persona Ross, Danforth.
9 (RLIN) 160750
700 1# - ENTRADA AGREGADA--NOMBRE PERSONAL
Nombre de persona Whitermore, Reed.
9 (RLIN) 160751
830 0# - PUNTO DE ACCESO ADICIONAL DE SERIE-TÍTULO UNIFORME
Título uniforme Tres escritores norteamericanos ;
Designación de volumen o secuencia 9
9 (RLIN) 192479
852 ## - LOCALIZACIÓN
Ubicación ES-MaACL
Número de control de estantería E-4858
Holdings
Estatus retirado Estado de pérdida Estado de daño No para préstamo Biblioteca de origen Biblioteca actual Ubicación en estantería Fecha de adquisición Fuente de adquisición Total de préstamos Signatura topográfica completa Código de barras Visto por última vez Precio de reemplazo Tipo de ítem Koha
        Biblioteca del Ateneo de Madrid Biblioteca del Ateneo de Madrid Depósito 2 06/09/2016     E-4858 1196160 23/02/2023 23/02/2023 Libro impreso